Public international law / (Record no. 2480)

MARC details
000 -LEADER
fixed length control field 00600nam a2200205 a 4500
003 - CONTROL NUMBER IDENTIFIER
control field BD-DhJNU
005 - DATE AND TIME OF LATEST TRANSACTION
control field 20260104042908.0
008 - FIXED-LENGTH DATA ELEMENTS--GENERAL INFORMATION
fixed length control field 250525b20002000ii ||||| |||| 00| 0 eng d
040 ## - CATALOGING SOURCE
Original cataloging agency BD-DhJNU
Language of cataloging ENG
Transcribing agency BD-DhJNU
Modifying agency BD-DhJNU
082 00 - DEWEY DECIMAL CLASSIFICATION NUMBER
Classification number 341 TAP
Edition number 23
100 14 - MAIN ENTRY--PERSONAL NAME
Personal name Tandon, Mahesh Prasad
245 10 - TITLE STATEMENT
Title Public international law /
Statement of responsibility, etc. Mahesh Prasad Tandon and Rajesh Tandon
250 ## - EDITION STATEMENT
Edition statement 15th ed.
260 ## - PUBLICATION, DISTRIBUTION, ETC.
Place of publication, distribution, etc. Faridabad :
Name of publisher, distributor, etc. Allahbad Law,
Date of publication, distribution, etc. 2002.
300 ## - PHYSICAL DESCRIPTION
Extent xxxvi, 585 p. :
Other physical details ill. ; figs;
Dimensions 21 cm.
500 ## - GENERAL NOTE
General note Includes index.
650 ## - SUBJECT ADDED ENTRY--TOPICAL TERM
Topical term or geographic name entry element International law
700 ## - ADDED ENTRY--PERSONAL NAME
Personal name Tandon, Rajesh
942 ## - ADDED ENTRY ELEMENTS (KOHA)
Koha item type Books
Holdings
Withdrawn status Lost status Source of classification or shelving scheme Damaged status Not for loan Collection Home library Current library Shelving location Date acquired Source of acquisition Total checkouts Full call number Barcode Date last seen Copy number Price effective from Koha item type
    Dewey Decimal Classification     Non-fiction Jagannath University Central Library Jagannath University Central Library General stacks 01/04/2026 Purchased   341 TAP JNUCL36458 01/04/2026 1 01/04/2026 Books